<?xml version="1.0" encoding="UTF-8"?>
<record
    xmlns:xsi="http://www.w3.org/2001/XMLSchema-instance"
    xsi:schemaLocation="http://www.loc.gov/MARC21/slim http://www.loc.gov/standards/marcxml/schema/MARC21slim.xsd"
    xmlns="http://www.loc.gov/MARC21/slim">

  <leader>01418nam a22003737a 4500</leader>
  <controlfield tag="001">BRCA_9410</controlfield>
  <controlfield tag="003">FranzMayer</controlfield>
  <controlfield tag="005">20230918125656.0</controlfield>
  <controlfield tag="008">230904b        |||||||| |||| 00| 0 eng d</controlfield>
  <datafield tag="020" ind1=" " ind2=" ">
    <subfield code="a">0943836255</subfield>
  </datafield>
  <datafield tag="040" ind1=" " ind2=" ">
    <subfield code="a">MFM</subfield>
    <subfield code="b">ESPA&#xD1;OL</subfield>
    <subfield code="c">MFM</subfield>
  </datafield>
  <datafield tag="050" ind1=" " ind2="0">
    <subfield code="a">N680</subfield>
    <subfield code="b">P46 2005</subfield>
  </datafield>
  <datafield tag="110" ind1="1" ind2=" ">
    <subfield code="4">Responsable</subfield>
    <subfield code="a">Pennsylvania Academic of the Fine Arts</subfield>
    <subfield code="9">29598</subfield>
  </datafield>
  <datafield tag="240" ind1=" " ind2=" ">
    <subfield code="a">200 Years of Excellent Art 1805-2005</subfield>
    <subfield code="l">Ingl&#xE9;s</subfield>
  </datafield>
  <datafield tag="245" ind1="0" ind2=" ">
    <subfield code="a">200 Years of Excellent Art 1805-2005</subfield>
  </datafield>
  <datafield tag="260" ind1=" " ind2=" ">
    <subfield code="a">Pennsylvania, EE.UU.</subfield>
    <subfield code="b">Pennsylvania Academic of the Fine Arts</subfield>
    <subfield code="c">2005</subfield>
  </datafield>
  <datafield tag="300" ind1=" " ind2=" ">
    <subfield code="a">312 p</subfield>
    <subfield code="b">Ilustraciones a color</subfield>
    <subfield code="c">30 cm</subfield>
  </datafield>
  <datafield tag="500" ind1=" " ind2=" ">
    <subfield code="a">Anexo 1</subfield>
  </datafield>
  <datafield tag="505" ind1=" " ind2=" ">
    <subfield code="a">Texto en: ingl&#xE9;sIncluye &#xED;ndice tem&#xE1;ticoIncluye cronolog&#xED;aDirigido a: historiadores de arte</subfield>
  </datafield>
  <datafield tag="650" ind1="1" ind2=" ">
    <subfield code="2">Artes visuales</subfield>
    <subfield code="a">Museos y galerias</subfield>
    <subfield code="v">Colecciones</subfield>
    <subfield code="9">29599</subfield>
  </datafield>
  <datafield tag="651" ind1="2" ind2=" ">
    <subfield code="2">Museos de EE.UU.</subfield>
    <subfield code="a">Filadelfia </subfield>
    <subfield code="v">Pennsylvania academic of the Fine Arts</subfield>
    <subfield code="9">29600</subfield>
  </datafield>
  <datafield tag="700" ind1="1" ind2=" ">
    <subfield code="4">Col.</subfield>
    <subfield code="a">Hian, Mark</subfield>
    <subfield code="9">29601</subfield>
  </datafield>
  <datafield tag="700" ind1="1" ind2=" ">
    <subfield code="4">Col.</subfield>
    <subfield code="a">Lewis, Michael J.</subfield>
    <subfield code="9">29602</subfield>
  </datafield>
  <datafield tag="700" ind1="1" ind2=" ">
    <subfield code="4">Col.</subfield>
    <subfield code="a">May, Stephen</subfield>
    <subfield code="9">29603</subfield>
  </datafield>
  <datafield tag="700" ind1="1" ind2=" ">
    <subfield code="4">Col.</subfield>
    <subfield code="a">Onorato, Ronald J.</subfield>
    <subfield code="9">29604</subfield>
  </datafield>
  <datafield tag="700" ind1="1" ind2=" ">
    <subfield code="4">Col.</subfield>
    <subfield code="a">Sajet, Kim</subfield>
    <subfield code="9">29605</subfield>
  </datafield>
  <datafield tag="700" ind1="1" ind2=" ">
    <subfield code="4">Col.</subfield>
    <subfield code="a">Saylor, Peter M</subfield>
    <subfield code="9">29606</subfield>
  </datafield>
  <datafield tag="700" ind1="1" ind2=" ">
    <subfield code="4">Col.</subfield>
    <subfield code="a">Baker, Alex</subfield>
    <subfield code="9">29607</subfield>
  </datafield>
  <datafield tag="700" ind1="1" ind2=" ">
    <subfield code="4">Col.</subfield>
    <subfield code="a">Leibold, Cheryl</subfield>
    <subfield code="9">29608</subfield>
  </datafield>
  <datafield tag="700" ind1="1" ind2=" ">
    <subfield code="4">Col.</subfield>
    <subfield code="a">Marsden-Atlass, Lynn</subfield>
    <subfield code="9">29609</subfield>
  </datafield>
  <datafield tag="700" ind1="1" ind2=" ">
    <subfield code="4">Col.</subfield>
    <subfield code="a">Richards, kevin</subfield>
    <subfield code="9">29610</subfield>
  </datafield>
  <datafield tag="700" ind1="1" ind2=" ">
    <subfield code="4">Col.</subfield>
    <subfield code="a">Rudolph, William</subfield>
    <subfield code="9">29611</subfield>
  </datafield>
  <datafield tag="942" ind1=" " ind2=" ">
    <subfield code="2">lcc</subfield>
    <subfield code="c">B</subfield>
  </datafield>
  <datafield tag="999" ind1=" " ind2=" ">
    <subfield code="c">11032</subfield>
    <subfield code="d">11032</subfield>
  </datafield>
  <datafield tag="952" ind1=" " ind2=" ">
    <subfield code="0">0</subfield>
    <subfield code="1">0</subfield>
    <subfield code="2">lcc</subfield>
    <subfield code="4">0</subfield>
    <subfield code="7">0</subfield>
    <subfield code="8">FCON</subfield>
    <subfield code="a">BRCA</subfield>
    <subfield code="b">BRCA</subfield>
    <subfield code="d">2023-09-04</subfield>
    <subfield code="l">0</subfield>
    <subfield code="o">N680 P46 2005</subfield>
    <subfield code="p">CONT10181</subfield>
    <subfield code="r">2023-09-04 00:00:00</subfield>
    <subfield code="w">2023-09-04</subfield>
    <subfield code="y">B</subfield>
  </datafield>
</record>
